000 00924nam a2200289Ia 4500
003 OSt
005 20221005093912.0
006 a|||||r|||| 00| 0
007 ta
008 221004b |||||||| |||| 00| 0 eng d
020 _a0631207627
_c7106
024 _a82804
037 _b18696, 30/03/2005, Segment Book Distributors
_cTextual
040 _aCRL
_cCRL
_beng
041 _2eng
_aeng
082 _aN:(R), P2
100 _aSmith Paul Ed.
_9149066
245 0 _aCompanion to art theory edited by Paul Smith and Carolyn Wilde
260 _aOxford
_bBlackwell Publihsing U. K.
_c2002
300 _a529p.
_ccm.
490 _aBlackwell companions in cultural studies
650 _a PHILOSOPHY
650 _aARTS
700 _a Wilde Carolyn Ed.
_9618800
942 _hN:(R), P2
_cTEXL
_2cc
999 _c1001123
_d1001123